|
|
|
|
| LEADER |
00904nab#a2200337#ar4500 |
| 001 |
000043883 |
| 003 |
SVKKK |
| 005 |
00000000000000.0 |
| 008 |
c xo e sloo |
| FMT |
|
|
|
| 038 |
|
|
|a SVKKK
|
| 040 |
|
|
|a SVKKK
|b slo
|e AACR2
|
| 041 |
0 |
|
|a slo
|
| 044 |
|
|
|a xo
|c SK
|
| 080 |
|
|
|a 636.03
|2 1981
|
| 080 |
|
|
|a 638.
|2 1981
|
| 100 |
1 |
|
|a Piroš, Alexander
|4 aut
|
| 245 |
1 |
0 |
|a Vtáčkar nie je tarantula :
|b Aj obrovské jedovaté pavúky môže byť zraniteľné
|c Piroš Alexander ... [et al.]
|
| 300 |
|
|
|b Fotogr.1
|
| 650 |
0 |
4 |
|a terária
|x chov
|x rozhovory
|
| 650 |
0 |
4 |
|a vtačkár (pavúk)
|z Košice
|
| 700 |
1 |
|
|a Iván, František
|4 aut
|
| 700 |
1 |
|
|a Kiernos, Štefan
|4 aut
|
| 773 |
0 |
|
|t Košický večer
|g Roč. 11 (32), č. 64(2000), dát. 0331
|
| 957 |
|
|
|a Košice
|
| 958 |
|
|
|a KE
|
| 974 |
|
|
|d 000710
|a Mi
|
| 992 |
|
|
|a RBX
|
| BAS |
|
|
|
| 852 |
|
|
|a SVKKK
|b BIB
|
| 998 |
|
|
|a REG
|